000
00328nam a22001457a 4500
020
_a
9788170087915
041
_a
ENG
100
_a
Punmia .B.C
245
_a
Soil Mechanics And Foundations
260
_a
Delhi
_b
Laxmi Publications
_c
1997
300
_a
916
650
_a
SWCE
700
_a
Jain A.K , Jain A.K
856
_u
SWCE
999
_c
616
_d
616